Sustainable marketing planning (Record no. 1308569)

MARC details
000 -LEADER
fixed length control field 02252nam a22002297a 4500
005 - DATE AND TIME OF LATEST TRANSACTION
control field 20250409101608.0
008 - FIXED-LENGTH DATA ELEMENTS--GENERAL INFORMATION
fixed length control field 250409b |||||||| |||| 00| 0 eng d
020 ## - INTERNATIONAL STANDARD BOOK NUMBER
International Standard Book Number 9781032561721
037 ## - SOURCE OF ACQUISITION
Terms of availability Textual
040 ## - CATALOGING SOURCE
Original cataloging agency RTL
Transcribing agency RTL
084 ## - COLON CLASSIFICATION NUMBER
Classification number X:51-8 R4
Assigning agency RTL
100 ## - MAIN ENTRY--PERSONAL NAME
Personal name Richardson, Neil
9 (RLIN) 751972
245 ## - TITLE STATEMENT
Title Sustainable marketing planning
250 ## - EDITION STATEMENT
Edition statement 2nd
260 ## - PUBLICATION, DISTRIBUTION, ETC.
Place of publication, distribution, etc. London
Name of publisher, distributor, etc. Routledge
Date of publication, distribution, etc. 2024
300 ## - PHYSICAL DESCRIPTION
Extent xiii, 283p. : ill.
Other physical details Includes bibliographical references and index
520 ## - SUMMARY, ETC.
Summary, etc. This book provides practical insights, tools and frameworks to help readers produce tactically and strategically appropriate marketing plans. Showing how to embed sustainability in these strategies, students will be shown how to implement changes while being encouraged to reflect on why they are needed. The text reflects on contemporary themes that impact on Sustainable Marketing Planning, including consumer behaviour, entrepreneurialism, internal marketing, services, international marketing, event management and digital marketing. The 2nd Edition has been fully updated with a greater focus on the issues surrounding sustainability, including the environmental challenges facing businesses, sustainable accreditation and integrating the UN SDGs. It provides background on the value discourses that underpin sustainability, incorporates new examples and case studies from broader regions around the world, and introduces TBL-based loyalty. Full of tools and frameworks to improve comprehension, including chapter-by-chapter learning outcomes, summaries, exercises, applied activities and mini case studies, it bridges the gap between theory and practice effectively and accessibly. Presenting contemporary themes and challenges at the cutting edge of business research and practice, this book should be core reading for advanced undergraduate and postgraduate students of sustainable marketing, marketing planning and marketing strategy, as well as professionals seeking to improve the competitive advantage of their organisations.
650 ## - SUBJECT ADDED ENTRY--TOPICAL TERM
Topical term or geographic name entry element Green marketing
9 (RLIN) 751973
650 ## - SUBJECT ADDED ENTRY--TOPICAL TERM
Topical term or geographic name entry element Consumption (Economics)--Environmental aspects
9 (RLIN) 751974
650 ## - SUBJECT ADDED ENTRY--TOPICAL TERM
Topical term or geographic name entry element Social responsibility of business
9 (RLIN) 35928
942 ## - ADDED ENTRY ELEMENTS (KOHA)
Source of classification or shelving scheme Colon Classification (CC)
Suppress in OPAC No
Koha item type Textbook
Classification part X:51-8 R4
Holdings
Withdrawn status Lost status Source of classification or shelving scheme Damaged status Not for loan Home library Current library Date acquired Total Checkouts Full call number Barcode Date last seen Date last checked out Price effective from Koha item type
    Colon Classification (CC)     Ratan Tata Library Ratan Tata Library 2025-04-09 1 X:51-8 R4 RT1528344 2025-09-03 2025-09-01 2025-04-09 Textbook
Copyright @ Delhi University Library System